Albert Einstein. Teorie relativity

Salvato in:
Dettagli Bibliografici
Natura: Libro
Lingua:ceco
Pubblicazione: Brno : VUTIUM, 2005
Edizione:1. vyd.
Soggetti:
Tags: Aggiungi Tag
Nessun Tag, puoi essere il primo ad aggiungerne!!

MARC

LEADER 00000nam a22000003a 4500
001 stu137652
005 20150408182340.0
008 070206s2005----xr------------------cze-d
020 |a 80-214-2916-X 
040 |a STU  |b slo 
041 0 |a cze 
044 |a xr 
245 |a Albert Einstein. Teorie relativity 
250 |a 1. vyd. 
260 |a Brno :  |b VUTIUM,  |c 2005 
300 |a 210 s 
650 7 |a teória relativity  |2 stusub 
996 |b I5700  |c I*5700  |l II680  |s A  |a 24  |w stu137652_0001